<?xml version="1.0" encoding="UTF-8"?>
<collection xmlns="http://www.loc.gov/MARC21/slim">
 <record>
  <leader>02316cam a2200421 a 4500</leader>
  <controlfield tag="001">1/47661</controlfield>
  <controlfield tag="008">180107s2017    gr a     b    000 0 gre  </controlfield>
  <datafield tag="020" ind1=" " ind2=" ">
   <subfield code="a">9789605861896</subfield>
  </datafield>
  <datafield tag="035" ind1=" " ind2=" ">
   <subfield code="l">50650</subfield>
  </datafield>
  <datafield tag="040" ind1=" " ind2=" ">
   <subfield code="a">DLC</subfield>
   <subfield code="b">GR-PeUP</subfield>
  </datafield>
  <datafield tag="082" ind1="0" ind2="0">
   <subfield code="a">670.427 GIB ΜΤΦ</subfield>
  </datafield>
  <datafield tag="100" ind1="1" ind2=" ">
   <subfield code="a">Gibson, Ian,</subfield>
   <subfield code="d">1938-</subfield>
  </datafield>
  <datafield tag="245" ind1="1" ind2="0">
   <subfield code="a">Τεχνολογίες προσθετικής κατασκευής :</subfield>
   <subfield code="b">τριδιάστατη εκτύπωση, ταχεία πρωτοτυποποίηση και άμεση ψηφιακή κατασκευή /</subfield>
   <subfield code="c">Ian Gibson, David Rosen, Brent Stucker ;μετάφραση-επιμέλεια Βασίλης Δεδούσης, Γιάννης Γιαννάτσης.</subfield>
  </datafield>
  <datafield tag="260" ind1=" " ind2=" ">
   <subfield code="a">Αθήνα :</subfield>
   <subfield code="b">Εκδόσεις Κριτική,</subfield>
   <subfield code="c">c2017.</subfield>
  </datafield>
  <datafield tag="300" ind1=" " ind2=" ">
   <subfield code="a">453 σ. :</subfield>
   <subfield code="b">εικ. ;</subfield>
   <subfield code="c">30 εκ.</subfield>
  </datafield>
  <datafield tag="490" ind1="1" ind2=" ">
   <subfield code="a">Επιστημονική βιβλιοθήκη ;</subfield>
  </datafield>
  <datafield tag="500" ind1=" " ind2=" ">
   <subfield code="a">Τίτλος πρωτοτύπου: Additive manufacturing technologies : 3D printing, rapid prototyping and direct digital manufacturing.</subfield>
  </datafield>
  <datafield tag="540" ind1=" " ind2=" ">
   <subfield code="a">Περιέχει βιβλιογραφία.</subfield>
  </datafield>
  <datafield tag="650" ind1=" " ind2="4">
   <subfield code="a">Manufacturing processes.</subfield>
  </datafield>
  <datafield tag="650" ind1=" " ind2="4">
   <subfield code="a">Production control.</subfield>
  </datafield>
  <datafield tag="650" ind1=" " ind2="4">
   <subfield code="a">CAD/CAM systems.</subfield>
  </datafield>
  <datafield tag="650" ind1=" " ind2="4">
   <subfield code="a">Production control</subfield>
   <subfield code="x">Automation.</subfield>
  </datafield>
  <datafield tag="650" ind1=" " ind2="4">
   <subfield code="a">Rapid prototyping.</subfield>
  </datafield>
  <datafield tag="650" ind1=" " ind2="4">
   <subfield code="a">Engineering design.</subfield>
  </datafield>
  <datafield tag="650" ind1=" " ind2="4">
   <subfield code="a">Technical design.</subfield>
  </datafield>
  <datafield tag="650" ind1=" " ind2="4">
   <subfield code="a">Έλεγχος παραγωγής</subfield>
   <subfield code="x">Αυτοματισμοί.</subfield>
  </datafield>
  <datafield tag="650" ind1=" " ind2="4">
   <subfield code="a">Ταχεία πρωτοτυποποίηση.</subfield>
  </datafield>
  <datafield tag="650" ind1=" " ind2="4">
   <subfield code="a">Manufacturing processes</subfield>
   <subfield code="x">Automation.</subfield>
  </datafield>
  <datafield tag="700" ind1="1" ind2=" ">
   <subfield code="a">Rosen, D. W. (David W.)</subfield>
  </datafield>
  <datafield tag="700" ind1="1" ind2=" ">
   <subfield code="a">Stucker, B. (Brent).</subfield>
  </datafield>
  <datafield tag="700" ind1="1" ind2=" ">
   <subfield code="a">Δεδούσης, Βασίλης.</subfield>
  </datafield>
  <datafield tag="700" ind1="1" ind2=" ">
   <subfield code="a">Γιαννάτσης, Γιάννης.</subfield>
  </datafield>
  <datafield tag="830" ind1=" " ind2="2">
   <subfield code="a">Επιστημονική βιβλιοθήκη.</subfield>
  </datafield>
  <datafield tag="852" ind1=" " ind2=" ">
   <subfield code="a">INST</subfield>
   <subfield code="b">UNIPILB</subfield>
   <subfield code="c">EUDOXOS</subfield>
   <subfield code="e">20180207</subfield>
   <subfield code="h">670.427 GIB ΜΤΦ</subfield>
   <subfield code="p">00178983</subfield>
   <subfield code="q">00178983</subfield>
   <subfield code="t">CLOCOL</subfield>
   <subfield code="y">0</subfield>
   <subfield code="4">1</subfield>
  </datafield>
  <datafield tag="852" ind1=" " ind2=" ">
   <subfield code="a">INST</subfield>
   <subfield code="b">UNIPILB</subfield>
   <subfield code="c">EUDOXOS</subfield>
   <subfield code="e">20180207</subfield>
   <subfield code="h">670.427 GIB ΜΤΦ</subfield>
   <subfield code="p">00178984</subfield>
   <subfield code="q">00178984</subfield>
   <subfield code="t">CLOCOL</subfield>
   <subfield code="y">4</subfield>
   <subfield code="x">20191219</subfield>
   <subfield code="4">2</subfield>
  </datafield>
  <datafield tag="852" ind1=" " ind2=" ">
   <subfield code="a">INST</subfield>
   <subfield code="b">UNIPILB</subfield>
   <subfield code="c">EUDOXOS</subfield>
   <subfield code="e">20180207</subfield>
   <subfield code="h">670.427 GIB ΜΤΦ</subfield>
   <subfield code="p">00178985</subfield>
   <subfield code="q">00178985</subfield>
   <subfield code="t">CLOCOL</subfield>
   <subfield code="y">0</subfield>
   <subfield code="4">3</subfield>
  </datafield>
  <datafield tag="852" ind1=" " ind2=" ">
   <subfield code="a">INST</subfield>
   <subfield code="b">UNIPILB</subfield>
   <subfield code="c">EUDOXOS</subfield>
   <subfield code="e">20180207</subfield>
   <subfield code="h">670.427 GIB ΜΤΦ</subfield>
   <subfield code="p">00178986</subfield>
   <subfield code="q">00178986</subfield>
   <subfield code="t">CLOCOL</subfield>
   <subfield code="y">0</subfield>
   <subfield code="4">4</subfield>
  </datafield>
  <datafield tag="852" ind1=" " ind2=" ">
   <subfield code="a">INST</subfield>
   <subfield code="b">UNIPILB</subfield>
   <subfield code="c">EUDOXOS</subfield>
   <subfield code="e">20180207</subfield>
   <subfield code="h">670.427 GIB ΜΤΦ</subfield>
   <subfield code="p">00178987</subfield>
   <subfield code="q">00178987</subfield>
   <subfield code="t">CLOCOL</subfield>
   <subfield code="y">23</subfield>
   <subfield code="4">5</subfield>
  </datafield>
 </record>
</collection>
